Las historias de Cayo Cornelio Tácito / (Record no. 165970)
[ view plain ]
| 000 -LEADER | |
|---|---|
| campo de control de longitud fija | 01142nam a2200265 i 4500 |
| 001 - NÚMERO DE CONTROL | |
| campo de control | 165970 |
| 003 - IDENTIFICADOR DE NÚMERO DE CONTROL | |
| campo de control | ES-MaACL |
| 005 - FECHA Y HORA DE LA ÚLTIMA TRANSACCIÓN | |
| campo de control | 20250820150541.0 |
| 008 - DATOS DE LONGITUD FIJA--INFORMACIÓN GENERAL | |
| campo de control de longitud fija | 960408s1794 sp |||| | spa d |
| 040 ## - FUENTE DE CATALOGACIÓN | |
| Centro catalogador/agencia de origen | CAM |
| Lengua de catalogación | spa |
| Centro/agencia transcriptor | CAM |
| 100 1# - ENTRADA PRINCIPAL--NOMBRE DE PERSONA | |
| Nombre de persona | Tácito, Cayo Cornelio |
| 9 (RLIN) | 109052 |
| 245 14 - MENCIÓN DEL TÍTULO | |
| Título | Las historias de Cayo Cornelio Tácito / |
| Mención de responsabilidad, etc. | traducidas al castellano por... Carlos Coloma...; tomo III. |
| 250 ## - MENCION DE EDICION | |
| Mención de edición | Segunda edición |
| Resto de la mención de edición | acompañada del texto latino, corregida é ilustrada con... anotaciones, indices... por Cayetano Sixto... y Joaquín Ezquerra... |
| 260 ## - PUBLICACIÓN, DISTRIBUCIÓN, ETC. | |
| Lugar de publicación, distribución, etc. | Madrid : |
| Nombre del editor, distribuidor, etc. | en la Imprenta Real, |
| Fecha de publicación, distribución, etc. | 1794. |
| 300 ## - DESCRIPCIÓN FÍSICA | |
| Extensión | [4], 512 p. ; |
| Dimensiones | 4º. |
| 594 ## - Nota al título y mención de responsabilidad | |
| Nota al título y mención de responsabilidad | Tit. en antep.: Las obras de Cayo Cornelio Tácito. |
| 595 ## - | |
| -- | Mención de ed., precede a la mención de parte. |
| 597 ## - NOTA DE DESCRIPCIÓN FÍSICA | |
| NOTA DE DESCRIPCIÓN FÍSICA | Sign.: []2, A-3S4. |
| 651 #4 - PUNTO DE ACCESO ADICIONAL DE MATERIA--NOMBRE GEOGRÁFICO | |
| Nombre geográfico | Roma- |
| Subdivisión general | Historia- |
| Subdivisión cronológica | 30 a.C.-284 d.C., Alto Imperio. |
| 9 (RLIN) | 9318 |
| 700 1# - ENTRADA AGREGADA--NOMBRE PERSONAL | |
| Nombre de persona | Coloma, Carlos, |
| Fechas asociadas al nombre | ca. 1567-1637 |
| 9 (RLIN) | 126547 |
| 700 1# - ENTRADA AGREGADA--NOMBRE PERSONAL | |
| Nombre de persona | Sixto, Cayetano. |
| 9 (RLIN) | 132779 |
| 700 1# - ENTRADA AGREGADA--NOMBRE PERSONAL | |
| Nombre de persona | Ezquerra, Joaquín. |
| 9 (RLIN) | 126991 |
| 852 ## - LOCALIZACIÓN | |
| Ubicación | ES-MaACL |
| Número de control de estantería | R-160-63 |
| Nota libre | -- Enc. pasta española |
| Encuadernación | -- Olim: C-2530-33 |
| Estatus retirado | Estado de pérdida | Estado de daño | No para préstamo | Colección | Biblioteca de origen | Biblioteca actual | Ubicación en estantería | Fecha de adquisición | Total de préstamos | Signatura topográfica completa | Código de barras | Visto por última vez | Precio de reemplazo | Tipo de ítem Koha |
|---|---|---|---|---|---|---|---|---|---|---|---|---|---|---|
| Libros del s. XVIII | Biblioteca del Ateneo de Madrid | Biblioteca del Ateneo de Madrid | Depósito | 17/01/2008 | R-160-63 | 1174056 | 23/02/2023 | 23/02/2023 | Libro impreso antiguo |
